Estudios Luso-Hispanos de historia del derecho

Detalles Bibliográficos
Autor principal: Solla Sastre, Mara̕ Julia
Otros Autores: Beck Varela, Laura
Formato: eBook
Lenguaje:español
Publicado: Madrid: Dykinson, 2018
Materias:
Acceso en línea:Acceso restringido

MARC

LEADER 00000nam a22000007a 4500
005 20190726133748.0
007 cr|||| ||||
008 190726s2018 es |||||s|||| 00||0 spa d
020 |a 978-84-1324-033-6 
035 |a 23774 
040 |a vLex 
090 |c 9076  |d 9076 
100 1 |a Solla Sastre, Mara̕ Julia 
245 1 0 |a Estudios Luso-Hispanos de historia del derecho  |h [Recurso electrn̤ico] /  |c Mara̕ Julia Solla Sastre, Laura Beck Varela 
256 |a Servicio en ln̕ea 
260 |a Madrid:  |b Dykinson,  |c 2018 
300 |a 1 recurso electrn̤ico 
506 1 |a Disponible solo en los productos indicados  |d vLex Global  |d vLex Global (Academic Edition, excluding Law Schools)  |d vLex Global (U.S. Academic Edition, Law Schools)  |d vLex Global (U.S. Academic Edition, excluding Law Schools)  |d vLex Global (Academic Edition, Law Schools) 
650 0 4 |a Derecho Militar  |z Espaą 
700 1 |a Beck Varela, Laura 
740 0 |a vLex Libros (Servicio en ln̕ea) 
856 4 0 |u http://vlex.com/source/estudios-luso-hispanos-historia-derecho-23774  |z Acceso restringido 
942 |c BOOK 
999 0 |a Military Law